|
|
|
|
| LEADER |
01633nam a2200433 4500 |
| 001 |
on1125237803 |
| 003 |
OCoLC |
| 005 |
20200326101204.0 |
| 006 |
m o d |
| 007 |
cr cnu---unuuu |
| 008 |
191029s2019 xx o 000 0 eng d |
| 040 |
|
|
|a OPELS
|b eng
|e rda
|e pn
|c OPELS
|d UKMGB
|d OCLCF
|d N$T
|d GrThAP
|
| 015 |
|
|
|a GBB9J0471
|2 bnb
|
| 016 |
7 |
|
|a 019596213
|2 Uk
|
| 020 |
|
|
|a 012817174X
|q EPUB
|
| 020 |
|
|
|a 9780128171745
|q (electronic bk.)
|
| 020 |
|
|
|a 9780128171738
|q (print)
|
| 035 |
|
|
|a (OCoLC)1125237803
|
| 050 |
|
4 |
|a RJ506.D47
|
| 072 |
|
7 |
|a PSY
|x 008000
|2 bisacsh
|
| 072 |
|
7 |
|a PSY
|x 039000
|2 bisacsh
|
| 072 |
|
7 |
|a JMR
|2 bicssc
|
| 072 |
|
7 |
|a JMC
|2 bicssc
|
| 082 |
0 |
4 |
|a 616.85/88
|2 23
|
| 245 |
0 |
0 |
|a International review of research in developmental disabilities.
|n Volume 57 /
|c edited by Robert M. Hodapp, Deborah J. Fidler.
|
| 264 |
|
1 |
|a [Place of publication not identified] :
|b Academic Press,
|c 2019.
|
| 300 |
|
|
|a 1 online resource.
|
| 336 |
|
|
|a text
|b txt
|2 rdacontent
|
| 337 |
|
|
|a computer
|b c
|2 rdamedia
|
| 338 |
|
|
|a online resource
|b cr
|2 rdacarrier
|
| 490 |
1 |
|
|a International review of research in developmental disabilities ;
|v volume 57
|
| 588 |
0 |
|
|a Title details screen.
|
| 650 |
|
0 |
|a Developmental disabilities.
|
| 650 |
|
7 |
|a Developmental disabilities.
|2 fast
|0 (OCoLC)fst00891785
|
| 655 |
|
4 |
|a Electronic books.
|
| 700 |
1 |
|
|a Hodapp, Robert M.,
|e editor.
|
| 700 |
1 |
|
|a Fidler, Deborah J.,
|e editor.
|
| 830 |
|
0 |
|a International review of research in developmental disabilities ;
|v v. 57.
|
| 856 |
4 |
0 |
|3 ScienceDirect
|u https://www.sciencedirect.com/science/bookseries/22116095/57
|z Full Text via HEAL-Link
|